[Event "Wch U18"]
[Site "Maribor"]
[Date "2012.11.09"]
[Round "2.43"]
[White "Siagodnik, Anton"]
[Black "Cmor, Nino"]
[Result "1-0"]
[WhiteElo "2189"]
[BlackElo "1902"]
[PlyCount "67"]
[EventDate "2012.11.08"]
[EventType "swiss"]
[EventRounds "11"]
[EventCountry "SLO"]
[SourceTitle "EXT 2013"]
[Source "ChessBase"]
[SourceDate "2012.11.22"]
[SourceVersion "1"]
[SourceVersionDate "2012.11.22"]
[SourceQuality "1"]

1. d4 Nf6 2. Nf3 g6 3. g3 Bg7 4. Bg2 0-0 5. 0-0 d6 6. c4 Nc6 7. Nc3 a6 8. b3 Rb8 9. Nd5 Nh5 10. e4 e6 11. Nf4 Nxf4 12. Bxf4 e5 13. Bg5 f6 14. Be3 f5 15. d5 fxe4 16. dxc6 exf3 17. Bxf3 Bh3 18. cxb7 Qf6 19. Ba7 Bxf1 20. Bxb8 Be2 21. Bd5+ Kh8 22. Qxe2 Rxb8 23. Qe3 Rf8 24. Qa7 Qd8 25. Qa8 Bh6 26. Qxd8 Rxd8 27. Be6 Rb8 28. Bc8 Kg7 29. Kg2 Kf6 30. Kf3 Ke7 31. Ke4 c6 32. Rd1 Bg5 33. c5 d5+ 34. Kxe5 1-0

[Event "BLR-ch U20"]
[Site "Minsk"]
[Date "2012.04.15"]
[Round "9"]
[White "Kocheev, Aleksandr"]
[Black "Siagodnik, Anton"]
[Result "1-0"]
[WhiteElo "2347"]
[BlackElo "2182"]
[PlyCount "109"]
[EventDate "2012.04.07"]
[EventType "tourn"]
[EventRounds "9"]
[EventCountry "BLR"]
[EventCategory "2"]
[SourceTitle "CBM 148 Extra"]
[Source "ChessBase"]
[SourceDate "2012.06.22"]
[SourceVersion "1"]
[SourceVersionDate "2012.06.22"]
[SourceQuality "1"]

1. e4 e5 2. Nf3 d6 3. d4 Nf6 4. Nc3 Nbd7 5. Bc4 Be7 6. Ng5 0-0 7. Bxf7+ Rxf7 8. Ne6 Qe8 9. Nxc7 Qd8 10. Nxa8 b5 11. dxe5 Nxe5 12. Nd5 Nxd5 13. Qxd5 Bf8 14. Be3 Bb7 15. Qxb5 Bxe4 16. 0-0-0 Qxa8 17. f3 Nxf3 18. gxf3 Bxf3 19. Rhe1 Bxd1 20. Rxd1 Qe4 21. Qd3 Qe6 22. Qb3 Qh3 23. Bg1 Qh6+ 24. Kb1 Qh5 25. c3 Kh8 26. a4 h6 27. Ka2 a6 28. Bd4 Rf5 29. Rg1 Ra5 30. Qc2 Qf7+ 31. Kb1 Rh5 32. Qd3 Rxh2 33. Rf1 Qe8 34. Qxa6 Qe4+ 35. Ka2 Qe6+ 36. Ka1 Be7 37. Qb5 Re2 38. a5 Re1+ 39. Rxe1 Qxe1+ 40. Ka2 Qe6+ 41. c4 Qe4 42. Bc3 Bg5 43. a6 Be3 44. Kb3 Qd3 45. Qd5 Qg6 46. a7 Bxa7 47. Qa8+ Kh7 48. Qxa7 h5 49. Qd4 Qg3 50. Qe4+ Kh6 51. Qe8 Qg6 52. Qh8+ Qh7 53. Bxg7+ Kg6 54. Qxh7+ Kxh7 55. Bf6 1-0

[Event "BLR-ch U20"]
[Site "Minsk"]
[Date "2012.04.10"]
[Round "4"]
[White "Grib, Roman"]
[Black "Siagodnik, Anton"]
[Result "1/2-1/2"]
[WhiteElo "2305"]
[BlackElo "2182"]
[PlyCount "77"]
[EventDate "2012.04.07"]
[EventType "tourn"]
[EventRounds "9"]
[EventCountry "BLR"]
[EventCategory "2"]
[SourceTitle "CBM 148 Extra"]
[Source "ChessBase"]
[SourceDate "2012.06.22"]
[SourceVersion "1"]
[SourceVersionDate "2012.06.22"]
[SourceQuality "1"]

1. Nc3 Nf6 2. d4 d5 3. Bg5 c6 4. Qd3 Nbd7 5. Nf3 Qa5 6. Bd2 Qc7 7. e4 dxe4 8. Nxe4 Nxe4 9. Qxe4 Nf6 10. Qe5 Qxe5+ 11. Nxe5 Bf5 12. c3 e6 13. Nc4 0-0-0 14. Ne5 Bg6 15. Bf4 c5 16. Rc1 Nd5 17. Bg3 Bd6 18. Nxg6 hxg6 19. Bxd6 Rxd6 20. dxc5 Rc6 21. b4 b6 22. Bb5 Rc7 23. c6 Kb8 24. Ba4 a6 25. a3 b5 26. Bb3 Nf4 27. Rc2 Nxg2+ 28. Ke2 Rxc6 29. c4 Nf4+ 30. Ke3 g5 31. cxb5 Rxc2 32. Bxc2 axb5 33. Be4 Rc8 34. h4 Rc3+ 35. Kd2 Rc4 36. Bf3 Rd4+ 37. Kc2 Rd3 38. Be4 Rxa3 39. hxg5 1/2-1/2

[Event "BLR-ch U20"]
[Site "Minsk"]
[Date "2012.04.07"]
[Round "1"]
[White "Siagodnik, Anton"]
[Black "Harshkou, Mikita"]
[Result "1/2-1/2"]
[WhiteElo "2182"]
[BlackElo "2193"]
[PlyCount "33"]
[EventDate "2012.04.07"]
[EventType "tourn"]
[EventRounds "9"]
[EventCountry "BLR"]
[EventCategory "2"]
[SourceTitle "CBM 148 Extra"]
[Source "ChessBase"]
[SourceDate "2012.06.22"]
[SourceVersion "1"]
[SourceVersionDate "2012.06.22"]
[SourceQuality "1"]

1. d4 e6 2. g3 f5 3. Bg2 Nf6 4. c4 Be7 5. Nc3 d6 6. Nh3 e5 7. dxe5 dxe5 8. 0-0 0-0 9. Qb3 c6 10. Be3 Ng4 11. Rad1 Nd7 12. Bc1 Qe8 13. f3 Nc5 14. Qc2 Nf6 15. b4 Ne6 16. Qb1 Qh5 17. Nf2 1/2-1/2